Chalupářské písničky

Další autoři: Hašler, Karel, 1879-1941, Doško, Ada, 1937-1999, Bárta, Miloš, Vohnout, František, 1913-1980, Dalecký, Josef, 1912-1976
Jazyk: Angličtina
Vydáno: Praha : Vaško Music, p2006
Témata:
Fyzický popis: 1 zvuková deska (43:57) : digital ; 12 cm + 1 leták (12 x 24 cm)
Vydáno také na kazetě; VM 110-4
Zvukové nahrávky
Uloženo v:
LEADER 01793njm a2200409 a 4500
001 000822238
003 CZ BrMZK
005 20061122123212.0
007 sd fsngnnmmned
008 060713s2006 xr fm g e eng d
028 0 0 |a VM 110-2  |b Vaško Music 
040 |a BOA001  |b cze 
041 0 |g cze  |g eng 
048 |a kz01  |a cd01  |b vu 
072 7 |a 784  |x Vokální hudba  |2 Konspekt  |9 9 
080 |a 784.4  |2 MRF 
080 |a (086.76)  |2 MRF 
245 0 0 |a Chalupářské písničky  |h [zvukový záznam] 
260 |a Praha :  |b Vaško Music,  |c p2006 
300 |a 1 zvuková deska (43:57) :  |b digital ;  |c 12 cm +  |e 1 leták (12 x 24 cm) 
306 |a 004357 
500 |a Kompaktní deska 
505 0 0 |t Na chalupě --  |t Hospůdka --  |t Když mám v chalupě orchestrion --  |t Děvčátko z kolonie --  |t Hospůdko, hospůdko malá --  |t V restauraci Na růžku --  |t Hawai --  |t Za vodou --  |t Nalej mi šenkýřko --  |t Povětrné střevíčky --  |t České vesničky --  |t Až ráno --  |t Chaloupky pod horama --  |t Šel jsem za noci alejí --  |t Stavěli tesaři --  |t Když jsem se rozšoup 
511 0 |a Jiří Škvára, zpěv; Ladislav Kocourek, akordeon 
518 |a Nahráno ve studiu Lama Praha 
530 |a Vydáno také na kazetě;  |d VM 110-4 
650 0 7 |a lidové písně, úpravy  |7 ph320413  |2 czenas 
655 7 |a kompaktní desky  |7 fd201991  |2 czenas 
700 1 |a Hašler, Karel,  |d 1879-1941  |7 jk01040136  |4 cmp 
700 1 |a Doško, Ada,  |d 1937-1999  |7 xx0006100  |4 cmp 
700 1 |a Bárta, Miloš  |7 ola2002158823  |4 lyr 
700 1 |a Vohnout, František,  |d 1913-1980  |7 hka0076139  |4 cmp 
700 1 |a Dalecký, Josef,  |d 1912-1976  |7 jk01021990  |4 lyr 
910 |a BOA001  |b CD-0013.286 
990 |a AV 
991 |b 200609 
996 6 |b 261H014666  |c CD-0013.286  |l MZK  |r Sklad / do 24 hodin  |n 0  |w 000822238  |u 000010  |a 1  |e BOA001  |j MZK50  |s P